| 000 | 01190nam0a22002891 4500 | ||
|---|---|---|---|
| 001 | rc\4563448 | ||
| 005 | 20130416185134.0 | ||
| 021 |
_aRU _b[68-107227] |
||
| 035 | _a(NLR Aleph) 008647173 | ||
| 090 |
_a8978992 _c8978992 |
||
| 100 | _a20130416d1968 |||y0rusy50 ca | ||
| 101 | 0 | _arus | |
| 102 | _aRU | ||
| 105 | _aa z ||||| | ||
| 200 | 1 |
_aМашинист бурильно-крановой машины _fМ-во монтажных и спец. строит. работ СССР. Главстроймеханизация и Упр. кадров и учеб. заведений |
|
| 210 |
_aМосква _cСтройиздат _d1968 |
||
| 215 |
_a129 с. _cчерт. _d17 |
||
| 225 | 1 | _a[Серия пособий по повышению мастерства рабочих-строителей] | |
| 300 | _aНа обл. авт. не указаны | ||
| 606 |
_aБурильно-крановые машины _2psbo |
||
| 700 | 1 |
_aМакаров _bЕ. И. _gЕвгений Иванович |
|
| 701 | 1 |
_aРуднев _bА. С. _gАлександр Сергеевич |
|
| 801 | 0 |
_aRU _bNLR _gpsbo |
|
| 801 | 1 |
_aRU _bELAR _2rusmarc |
|
| 852 |
_aNLR _j69-2/161 |
||
| 942 | _cBOOK | ||
| 980 | _aNB | ||